| 000 | 00512nam a2200181Ia 4500 | ||
|---|---|---|---|
| 008 | 220204s9999 xx 000 0 und d | ||
| 082 |
_a581.1 _bSTE.6B |
||
| 245 | 0 | _aPlant physiology: A treatise. V 6B. Physiology of development: The hormones | |
| 260 |
_aNew York _bAcademic _c1972 |
||
| 490 | _aPlant Physiology: A treatise; v 6B | ||
| 650 | _aCytokinin | ||
| 650 | _aEthylene | ||
| 650 | _aGibberellin | ||
| 650 | _aPlant hormone | ||
| 650 | _aPlant Physiology | ||
| 700 | _aSTEWARD, F C | ||
| 942 | _cBK | ||
| 999 |
_c36999 _d36999 |
||